1030 1866 1325 1930 1340 1527 1308 1707 1560 1304 1019 1520 1355 1194 1624 1656 1254 1666 1911 1185 1754 1480 1295 1739 1641 1114 1914 1101 1970 1508 1499 1247 1686 1333 1508 1847 1231 1322 1514 1382 1105 1815 1131 1287 1211 1694 1961 1463 1855 1242 1314 1624 1416 1071 1008 1084 1950 1133 1815 1181 1216 1736 1817 1823 1996 1033 1154 1855 1604 1500 1380 1726 1483 1410 1278 1323 1467 1672 1258 1956 1559 1563 1647 1283 1345 1862 1367 1054 1445 1147 1055 1219 1530 1807 1385 1041 1751 1658 1023 BCNSPRNW ULIB Ver.6.0+V

เปลี่ยนเป็นภาษาไทย

Change to English
 แสดงรายละเอียดบรรณานุกรม
  กลับหน้าหลัก

Brief Record : Get Marc (ISO 2709) : E-mail record : QR code < ปิดหน้าต่าง
LEADER : 00000nam 2200000uu 4500
001    13399126207
003     ULIB
008    180726s2018||||th 000 0 tha d
020    ^a9780323461580
060    ^aWY150^bI24M^cVol.1
100    ^aDonna D. Ignatavicius, M.Linda Workman, Cherie R. Rebar.
245    ^aMedical-Surgical Nursing Concepts For Interprofessional Collaborative care Volume 1.
250    ^a9th ed
260    ^aLouis, Missouri :^bElsevier Limited,^c2018
300    ^a640 pages;^b30 cm
650    ^aMedical-Surgical Nursing
945    ^p0^l0^i26424
999    ^aกัณชพร จุลอักษร
รายการนี้ยังไม่มีแท็ก
คุณยังไม่ได้ล็อกอิน คุณสามารถมีกิจกรรมร่วมกับเว็บไซต์ได้ แต่ต้องล็อกอินก่อน ::
  ล็อกอิน

รายการสื่อสารสนเทศ

ลำดับที่ ประเภท เลขเรียก/บาร์โค้ด สถานที่ สถานะ
1. วิทยาศาสตร์การแพทย์ และสุขภาพ
วิทยาศาสตร์การแพทย์ และสุขภาพ
WY150 I24M Vol.1 ฉ.1 
  Barcode: 26424
ห้องสมุดวิทยาเขตนครสวรรค์
►หนังสือทั่วไป:l:General Books
บนชั้น

รายการใกล้เคียง
    ชื่อเรื่อง [Medical-Surgical Nursing Concepts For Interprofessional Collaborative care Volume 1.]

    ผู้แต่ง [Donna D. Ignatavicius, M.Linda Workman, Cherie R. Rebar.]

    หัวเรื่อง [Medical-Surgical Nursing]

BibComment


ยังไม่เคยถูกคอมเมนท์

คอมเมนท์ทรัพยากรรายการนี้
  คอมเมนท์: MedicalSurgical ..


 Copyright 2026. Bcnsprnw @Library